[Event "Hessenliga 1516"]
[Site "Germany"]
[Date "2016.02.14"]
[Round "7.4"]
[White "Bravo Lutz, Sebastian"]
[Black "Driftmann, Christoph"]
[Result "1-0"]
[WhiteElo "2221"]
[BlackElo "2131"]
[PlyCount "111"]
[EventDate "2015.09.27"]
[EventType "team-tourn"]
[EventRounds "9"]
[EventCountry "GER"]
[SourceTitle "EXT 2018"]
[Source "ChessBase"]
[SourceDate "2017.10.13"]
[SourceVersion "1"]
[SourceVersionDate "2017.10.13"]
[SourceQuality "1"]
[WhiteTeam "Gelnhausen"]
[BlackTeam "Giessen II"]
[WhiteTeamCountry "GER"]
[BlackTeamCountry "GER"]

1. e4 e6 2. d3 d5 3. Qe2 Nf6 4. Nf3 c5 5. g3 Be7 6. Bg2 Nc6 7. 0-0 b5 8. Nbd2 0-0 9. e5 Nd7 10. Re1 Qc7 11. c3 a5 12. h4 Bb7 13. Nf1 d4 14. N1h2 dxc3 15. bxc3 b4 16. c4 Rfd8 17. h5 Nd4 18. Nxd4 cxd4 19. Bxb7 Qxb7 20. Qg4 Nc5 21. Bh6 g6 22. Rad1 Ra7 23. Qf4 Qc7 24. Ng4 f5 25. exf6 Qxf4 26. Bxf4 Bf8 27. hxg6 hxg6 28. Ne5 Ra6 29. Kg2 Bd6 30. Bg5 Bxe5 31. f7+ Kxf7 32. Bxd8 Bf6 33. Bxf6 Kxf6 34. f4 a4 35. Re5 Rc6 36. Kf3 b3 37. Rxc5 Rxc5 38. axb3 axb3 39. Rb1 e5 40. Rxb3 exf4 41. Rb6+ Ke7 42. gxf4 g5 43. Rg6 gxf4 44. Kxf4 Rh5 45. Rg4 Kd6 46. Ke4 Kc5 47. Rf4 Rh7 48. Rf5+ Kb4 49. Kxd4 Rh4+ 50. Kd5 Kc3 51. c5 Rd4+ 52. Ke6 Rxd3 53. c6 Kb4 54. c7 Rc3 55. Kd7 Rd3+ 56. Kc6 1-0

[Event "Hessenliga 1415"]
[Site "Hessen"]
[Date "2015.01.25"]
[Round "5.3"]
[White "Schreiber, Kurt"]
[Black "Bravo Lutz, Sebastian"]
[Result "1/2-1/2"]
[WhiteElo "2149"]
[BlackElo "2241"]
[PlyCount "83"]
[EventDate "2014.09.28"]
[EventType "team-tourn"]
[EventRounds "9"]
[EventCountry "GER"]
[SourceTitle "EXT 2016"]
[Source "ChessBase"]
[SourceDate "2015.10.08"]
[SourceVersion "1"]
[SourceVersionDate "2015.10.08"]
[SourceQuality "1"]
[WhiteTeam "Dotzheim"]
[BlackTeam "Gelnhausen"]
[WhiteTeamCountry "GER"]
[BlackTeamCountry "GER"]

1. d4 f5 2. Nf3 Nf6 3. g3 e6 4. Bg2 d5 5. 0-0 Bd6 6. c4 c6 7. Nc3 Nbd7 8. Bf4 Bxf4 9. gxf4 0-0 10. e3 Ng4 11. h3 Nh6 12. Ne5 Nf7 13. b3 Qe7 14. Rc1 Rd8 15. Nxf7 Qxf7 16. Qf3 Nf6 17. Rfd1 Bd7 18. Qg3 Kh8 19. Kh2 Rg8 20. Bf3 Raf8 21. Rg1 Qe7 22. Rg2 Be8 23. Be2 Nd7 24. Qg5 Rf6 25. cxd5 exd5 26. Bf3 Qd6 27. Kh1 Nf8 28. Rcg1 Bf7 29. Qg3 Rh6 30. Rh2 Rg6 31. Qh4 Rxg1+ 32. Kxg1 Qb4 33. Ne2 Ng6 34. Qg5 Qe1+ 35. Kg2 h6 36. Qg3 Kh7 37. Rh1 Qd2 38. Rg1 Nf8 39. Kh1 Nd7 40. a4 Nf6 41. Qg2 Qc2 42. Ng3 1/2-1/2

[Event "Hessenliga 1415"]
[Site "Hessen"]
[Date "2014.12.14"]
[Round "4.4"]
[White "Weise, Martin"]
[Black "Bravo Lutz, Sebastian"]
[Result "1-0"]
[WhiteElo "2164"]
[BlackElo "2241"]
[PlyCount "137"]
[EventDate "2014.09.28"]
[EventType "team-tourn"]
[EventRounds "9"]
[EventCountry "GER"]
[SourceTitle "EXT 2016"]
[Source "ChessBase"]
[SourceDate "2015.10.08"]
[SourceVersion "1"]
[SourceVersionDate "2015.10.08"]
[SourceQuality "1"]
[WhiteTeam "Fulda"]
[BlackTeam "Gelnhausen"]
[WhiteTeamCountry "GER"]
[BlackTeamCountry "GER"]

1. b3 Nf6 2. Bb2 g6 3. Bxf6 exf6 4. c4 f5 5. Nc3 Bg7 6. Rc1 0-0 7. g3 d6 8. Bg2 Nd7 9. e3 c6 10. Nge2 Qe7 11. 0-0 Nf6 12. b4 Be6 13. d3 Rfd8 14. b5 Qe8 15. bxc6 bxc6 16. Qa4 Rdc8 17. Rb1 Rc7 18. Rb3 Qc8 19. Rfb1 Nd7 20. Ra3 Ne5 21. Qd1 Bf8 22. Rab3 f6 23. Nd4 Bf7 24. R1b2 Qa6 25. Nce2 Re8 26. Qb1 Nd7 27. Nf4 Nc5 28. Rb8 Rec8 29. Rxc8 Rxc8 30. Rb8 Rxb8 31. Qxb8 g5 32. Nxc6 gxf4 33. Ne7+ Kg7 34. Nxf5+ Kg8 35. Nh6+ Kg7 36. Nxf7 Kxf7 37. Bd5+ Ne6 38. Bxe6+ Kxe6 39. Qxf8 fxe3 40. Qe8+ Kf5 41. Qe4+ Kg5 42. Qxe3+ Kg6 43. Qe8+ Kg7 44. Qe7+ Kg6 45. h4 h5 46. Qe8+ Kg7 47. Qxh5 Qxa2 48. Qg4+ Kh6 49. Qf4+ Kg6 50. Qxd6 a5 51. c5 a4 52. c6 a3 53. Kg2 Qc2 54. Qxa3 Qxc6+ 55. Kg1 Qf3 56. Qb3 Kh5 57. Qc4 f5 58. Qg8 Kh6 59. Qg5+ Kh7 60. Qe3 Qd5 61. d4 Kg6 62. Qe5 Qf3 63. d5 Qd1+ 64. Kh2 Qc2 65. Qd4 Qc8 66. d6 Qd7 67. Qe5 Qc8 68. Qd5 Qc2 69. Qd4 1-0

[Event "Granada Nazari IM"]
[Site "Granada"]
[Date "2014.04.19"]
[Round "8"]
[White "Bravo Lutz, Sebastian"]
[Black "Ladron de Guevara Pinto, Paolo"]
[Result "0-1"]
[WhiteElo "2250"]
[BlackElo "2325"]
[PlyCount "74"]
[EventDate "2014.04.15"]
[EventType "tourn"]
[EventRounds "9"]
[EventCountry "ESP"]
[EventCategory "2"]
[SourceTitle "CBM 160 Extra"]
[Source "ChessBase"]
[SourceDate "2014.07.01"]
[SourceVersion "1"]
[SourceVersionDate "2014.07.01"]
[SourceQuality "1"]

1. e4 e6 2. d3 d5 3. Qe2 Ne7 4. Nf3 c5 5. g3 Nbc6 6. Bg2 g6 7. 0-0 Bg7 8. c3 b6 9. h4 h6 10. Rd1 0-0 11. e5 Ba6 12. a4 Qd7 13. Bf4 Kh7 14. Nbd2 Rae8 15. Nf1 f6 16. exf6 Bxf6 17. Qd2 Nf5 18. Qc2 e5 19. Bc1 Bg7 20. N1h2 Nd6 21. h5 gxh5 22. Nh4 Qf7 23. d4+ e4 24. dxc5 bxc5 25. Be3 Nf5 26. Nxf5 Qxf5 27. Bxc5 Rg8 28. Qb3 Bc4 29. Qb7 Ne5 30. Bxa7 h4 31. b3 Bd3 32. Kh1 Rd8 33. Bd4 Rd7 34. Qb6 h3 35. Bf1 e3 36. Bxe5 Be4+ 37. Kg1 Qxf2# 0-1

[Event "Granada Nazari IM"]
[Site "Granada"]
[Date "2014.04.18"]
[Round "6"]
[White "Fernandez Garcia, Jose Miguel"]
[Black "Bravo Lutz, Sebastian"]
[Result "1/2-1/2"]
[WhiteElo "2357"]
[BlackElo "2250"]
[PlyCount "74"]
[EventDate "2014.04.15"]
[EventType "tourn"]
[EventRounds "9"]
[EventCountry "ESP"]
[EventCategory "2"]
[SourceTitle "CBM 160 Extra"]
[Source "ChessBase"]
[SourceDate "2014.07.01"]
[SourceVersion "1"]
[SourceVersionDate "2014.07.01"]
[SourceQuality "1"]

1. e4 c6 2. c4 d5 3. exd5 Nf6 4. Nc3 cxd5 5. cxd5 Nxd5 6. Nf3 Nc6 7. Bb5 e6 8. 0-0 Be7 9. d4 0-0 10. Qc2 Bd7 11. Qe4 Ncb4 12. Bc4 Bc6 13. Qe2 Qc7 14. Ne5 Bf6 15. Rd1 Rad8 16. Ng4 Be7 17. Ne5 Bf6 18. Ng4 Be7 19. a3 Nxc3 20. bxc3 Bd5 21. Bb5 a6 22. Ba4 Qxc3 23. Bd2 Qd3 24. Qe5 Qg6 25. Ne3 Bd6 26. Nxd5 Nxd5 27. Qe2 Bf4 28. Ba5 Rc8 29. Qf3 Bc7 30. Be1 Qf6 31. Qe4 Qf4 32. Qxf4 Bxf4 33. Rab1 b5 34. Bb3 Nc3 35. Bxc3 Rxc3 36. a4 Rd8 37. d5 exd5 1/2-1/2

[Event "Granada Nazari IM"]
[Site "Granada"]
[Date "2014.04.17"]
[Round "5"]
[White "Bravo Lutz, Sebastian"]
[Black "Guerreiro, Nuno M"]
[Result "1-0"]
[WhiteElo "2250"]
[BlackElo "2142"]
[PlyCount "93"]
[EventDate "2014.04.15"]
[EventType "tourn"]
[EventRounds "9"]
[EventCountry "ESP"]
[EventCategory "2"]
[SourceTitle "CBM 160 Extra"]
[Source "ChessBase"]
[SourceDate "2014.07.01"]
[SourceVersion "1"]
[SourceVersionDate "2014.07.01"]
[SourceQuality "1"]

1. e4 c5 2. Nf3 g6 3. d3 Nc6 4. g3 Bg7 5. Bg2 Nf6 6. 0-0 0-0 7. Nc3 d6 8. h3 Rb8 9. Be3 Bd7 10. Qd2 Ne8 11. Nh4 e6 12. f4 f5 13. Nf3 b5 14. exf5 gxf5 15. d4 cxd4 16. Nxd4 Nxd4 17. Bxd4 Bxd4+ 18. Qxd4 Qb6 19. Ne2 b4 20. Rfe1 Kf7 21. a3 b3 22. cxb3 a5 23. Qxb6 Rxb6 24. Nd4 Kf6 25. Rac1 e5 26. Bc6 Bxc6 27. Rxc6 Rxc6 28. fxe5+ dxe5 29. Nxc6 e4 30. Rd1 Rf7 31. Nxa5 h5 32. h4 Rc7 33. Nc4 Ng7 34. a4 Ne6 35. Rd6 Ke7 36. Rd5 Kf6 37. Rd6 Ke7 38. Rd5 Kf6 39. Ne3 Ng7 40. a5 Ke6 41. Rb5 Rc1+ 42. Kf2 Rb1 43. Rb6+ Kf7 44. Nc4 Ne6 45. a6 Nc5 46. Nd6+ Kf8 47. a7 1-0

[Event "Granada Nazari IM"]
[Site "Granada"]
[Date "2014.04.16"]
[Round "3"]
[White "Bravo Lutz, Sebastian"]
[Black "Cruz Ravina, Francisco Javier"]
[Result "1/2-1/2"]
[WhiteElo "2250"]
[BlackElo "2320"]
[PlyCount "74"]
[EventDate "2014.04.15"]
[EventType "tourn"]
[EventRounds "9"]
[EventCountry "ESP"]
[EventCategory "2"]
[SourceTitle "CBM 160 Extra"]
[Source "ChessBase"]
[SourceDate "2014.07.01"]
[SourceVersion "1"]
[SourceVersionDate "2014.07.01"]
[SourceQuality "1"]

1. e4 e6 2. Qe2 d5 3. exd5 Qxd5 4. Nc3 Qd8 5. b3 Nc6 6. Nf3 Nf6 7. Bb2 Nd4 8. Nxd4 Qxd4 9. 0-0-0 Bd7 10. f3 Qb6 11. Kb1 a5 12. a4 0-0-0 13. Qe3 Bc5 14. d4 Be7 15. Bc4 Bc6 16. Rhe1 Bb4 17. Re2 Bd5 18. Bxd5 Nxd5 19. Nxd5 Rxd5 20. c3 Be7 21. c4 Rd7 22. Ka2 Bf6 23. Qe4 Rhd8 24. Red2 h6 25. Bc3 c5 26. dxc5 Rxd2+ 27. Rxd2 Rxd2+ 28. Bxd2 Qxc5 29. Qe3 Qxe3 30. Bxe3 h5 31. Bb6 Bc3 32. Kb1 Kd7 33. Kc2 Bb4 34. Kd3 Kc6 35. Bd8 Kd7 36. Bb6 Kc6 37. Bd8 Kd7 1/2-1/2

[Event "Hessenliga 1314"]
[Site "Germany"]
[Date "2014.01.12"]
[Round "5.2"]
[White "Bravo Lutz, Sebastian"]
[Black "Koopmann, Rolf"]
[Result "1-0"]
[WhiteElo "2239"]
[BlackElo "2234"]
[PlyCount "78"]
[EventDate "2013.09.29"]
[EventType "team-tourn"]
[EventRounds "9"]
[EventCountry "GER"]
[SourceTitle "EXT 2015"]
[Source "ChessBase"]
[SourceDate "2014.11.20"]
[SourceVersion "1"]
[SourceVersionDate "2014.11.20"]
[SourceQuality "1"]
[WhiteTeam "Gelnhausen"]
[BlackTeam "Langen"]
[WhiteTeamCountry "GER"]
[BlackTeamCountry "GER"]

1. Nf3 Nf6 2. g3 d5 3. Bg2 g6 4. 0-0 Bg7 5. d3 c6 6. Nbd2 0-0 7. e4 Nbd7 8. Qe2 e5 9. Rd1 Re8 10. b3 Nb6 11. Bb2 d4 12. Kh1 Nh5 13. Ng1 Be6 14. Bh3 Qd7 15. Bxe6 Qxe6 16. Rf1 f5 17. Kg2 Qf7 18. Nh3 Rad8 19. f3 Bh6 20. a4 Nd7 21. Nc4 Ndf6 22. a5 Qe6 23. Ba3 fxe4 24. dxe4 g5 25. Nf2 Nd7 26. Nd6 Bf8 27. Nxe8 Bxa3 28. Nc7 Qd6 29. Qc4+ Kh8 30. Ne6 Rg8 31. Ng4 b5 32. axb6 Nxb6 33. Qa6 Bb2 34. Ra2 Qxe6 35. Rxb2 c5 36. Qxa7 c4 37. Qc7 c3 38. Ra2 Nf6 39. Ra7 Rc8 1-0

[Event "Hessenliga 1314"]
[Site "Germany"]
[Date "2013.12.08"]
[Round "4.1"]
[White "Bravo Lutz, Sebastian"]
[Black "Dorst, Johannes"]
[Result "0-1"]
[WhiteElo "2239"]
[BlackElo "2243"]
[PlyCount "110"]
[EventDate "2013.09.29"]
[EventType "team-tourn"]
[EventRounds "9"]
[EventCountry "GER"]
[SourceTitle "EXT 2015"]
[Source "ChessBase"]
[SourceDate "2014.11.20"]
[SourceVersion "1"]
[SourceVersionDate "2014.11.20"]
[SourceQuality "1"]
[WhiteTeam "Gelnhausen"]
[BlackTeam "Marburg"]
[WhiteTeamCountry "GER"]
[BlackTeamCountry "GER"]

1. Nf3 c5 2. e4 d6 3. g3 g6 4. Bg2 Bg7 5. 0-0 Nc6 6. d3 e6 7. c3 Nge7 8. d4 cxd4 9. cxd4 d5 10. e5 Nf5 11. Nc3 Bd7 12. h4 h6 13. Bh3 a6 14. Kg2 b5 15. Ne2 Rc8 16. Nf4 Qb6 17. Bxf5 gxf5 18. Nh5 Kf8 19. Be3 Qa5 20. Ne1 Ne7 21. Bd2 Qd8 22. Nd3 Rc4 23. Nc5 Rxc5 24. dxc5 Bxe5 25. Qc1 Bg7 26. Nxg7 Kxg7 27. Bc3+ f6 28. Kh2 e5 29. b4 d4 30. Bd2 Bc6 31. Qd1 Qd5 32. Rg1 h5 33. Qb3 Qd7 34. Rad1 Bd5 35. Qb2 Bf3 36. Ra1 Ng6 37. Qb3 Bd5 38. Qb2 Bc6 39. Qb3 Bd5 40. Qb2 Bc4 41. Qc2 Kf7 42. a4 e4 43. axb5 Ne5 44. Rxa6 Bxb5 45. Rd6 Qb7 46. Kh3 Ng4 47. c6 Qb6 48. Bf4 Rc8 49. Rc1 Kg6 50. c7 Qb7 51. Rd8 e3 52. Rxc8 Qxc8 53. fxe3 dxe3 54. Qg2 Ba6 55. Qe2 Bxe2 0-1

[Event "Hessenliga 1314"]
[Site "Germany"]
[Date "2013.11.03"]
[Round "3.2"]
[White "Bravo Lutz, Sebastian"]
[Black "Zimmermann, Hendrik"]
[Result "1/2-1/2"]
[WhiteElo "2239"]
[BlackElo "2118"]
[PlyCount "47"]
[EventDate "2013.09.29"]
[EventType "team-tourn"]
[EventRounds "9"]
[EventCountry "GER"]
[SourceTitle "EXT 2015"]
[Source "ChessBase"]
[SourceDate "2014.11.20"]
[SourceVersion "1"]
[SourceVersionDate "2014.11.20"]
[SourceQuality "1"]
[WhiteTeam "Gelnhausen"]
[BlackTeam "Nied"]
[WhiteTeamCountry "GER"]
[BlackTeamCountry "GER"]

1. e4 c5 2. Nf3 d6 3. d3 g6 4. g3 Bg7 5. Bg2 Nc6 6. 0-0 e5 7. Nc3 Nge7 8. Nd2 0-0 9. Nc4 Be6 10. Nd5 b5 11. Nce3 Qd7 12. f4 exf4 13. Nxf4 Ne5 14. c3 N5c6 15. a3 Rab8 16. Bd2 a5 17. Qe2 b4 18. axb4 axb4 19. Nxe6 Qxe6 20. Rf2 Ra8 21. Rxa8 Rxa8 22. Qf1 bxc3 23. bxc3 Qb3 24. Ng4 1/2-1/2

[Event "Staufer op 25th"]
[Site "Schwaebisch Gmuend"]
[Date "2013.01.02"]
[Round "2"]
[White "Foerderreuther, Jonas"]
[Black "Bravo Lutz, Sebastian"]
[Result "0-1"]
[WhiteElo "1979"]
[BlackElo "2223"]
[PlyCount "80"]
[EventDate "2013.01.02"]
[EventType "swiss"]
[EventRounds "9"]
[EventCountry "GER"]
[SourceTitle "CBM 152 Extra"]
[Source "ChessBase"]
[SourceDate "2013.02.25"]
[SourceVersion "1"]
[SourceVersionDate "2013.02.25"]
[SourceQuality "1"]

1. e4 c6 2. d4 d5 3. e5 Bf5 4. Nf3 e6 5. Be2 Nd7 6. 0-0 Ne7 7. Nbd2 Bg6 8. Nb3 Nf5 9. Bd2 a6 10. Rc1 Be7 11. c4 dxc4 12. Bxc4 0-0 13. Na5 Rb8 14. Nb3 Bh5 15. Bc3 Nh4 16. Be2 Ng6 17. Bd2 c5 18. dxc5 Bxf3 19. Bxf3 Ndxe5 20. Be2 Qd5 21. Be3 Qe4 22. Qc2 Qh4 23. g3 Qh3 24. Rfd1 Ng4 25. Bxg4 Qxg4 26. Qc4 Qh3 27. Qe4 h5 28. Rd7 Bf6 29. Rc2 Rfd8 30. Rcd2 Rxd7 31. Rxd7 Ne5 32. Rd2 h4 33. Bf4 Qg4 34. Nd4 Rd8 35. f3 Rxd4 36. Rxd4 Nxf3+ 37. Kg2 h3+ 38. Kf1 Bxd4 39. Qxb7 Nxh2+ 40. Ke1 Nf3+ 0-1

[Event "Staufer op 24th"]
[Site "Schwaebisch Gmuend"]
[Date "2012.01.04"]
[Round "5"]
[White "Krotschak, Joscha"]
[Black "Bravo Lutz, Sebastian"]
[Result "0-1"]
[WhiteElo "2131"]
[BlackElo "2245"]
[PlyCount "98"]
[EventDate "2012.01.02"]
[EventType "swiss"]
[EventRounds "9"]
[EventCountry "GER"]
[SourceTitle "CBM 146 Extra"]
[Source "ChessBase"]
[SourceDate "2012.02.29"]
[SourceVersion "1"]
[SourceVersionDate "2012.02.29"]
[SourceQuality "1"]

1. d4 Nf6 2. c4 g6 3. Nf3 Bg7 4. Nc3 0-0 5. e4 d6 6. Be2 Nbd7 7. 0-0 e5 8. Be3 c6 9. dxe5 dxe5 10. Nd2 Qe7 11. Qc1 Nc5 12. b4 Ne6 13. Rb1 Nd4 14. f3 Nh5 15. Re1 Qh4 16. Nb3 Ne6 17. Bf2 Qe7 18. Nc5 Nd4 19. Bf1 Bf6 20. Ne2 Bg5 21. Qc3 Nxe2+ 22. Bxe2 Re8 23. Bf1 Ng7 24. Be3 b6 25. Nb3 h5 26. c5 b5 27. Na5 Bxe3+ 28. Rxe3 Qc7 29. Rd3 Bd7 30. Rbd1 Re7 31. Qd2 Be8 32. Rd6 Ne6 33. Qh6 a6 34. R1d2 Nxc5 35. g4 hxg4 36. bxc5 Qxa5 37. fxg4 Qb4 38. Qe3 Raa7 39. h4 Rad7 40. a3 Qb1 41. h5 Qc1 42. Qf2 Qxa3 43. h6 Rxd6 44. cxd6 Rd7 45. Rd3 Qc1 46. Qf6 Qxh6 47. Rh3 Qg7 48. Qf2 Rxd6 49. Qc5 Qf6 0-1

[Event "Staufer op 24th"]
[Site "Schwaebisch Gmuend"]
[Date "2012.01.03"]
[Round "4"]
[White "Bravo Lutz, Sebastian"]
[Black "Blaschke, Tobias"]
[Result "1-0"]
[WhiteElo "2245"]
[BlackElo "2034"]
[PlyCount "65"]
[EventDate "2012.01.02"]
[EventType "swiss"]
[EventRounds "9"]
[EventCountry "GER"]
[SourceTitle "CBM 146 Extra"]
[Source "ChessBase"]
[SourceDate "2012.02.29"]
[SourceVersion "1"]
[SourceVersionDate "2012.02.29"]
[SourceQuality "1"]

1. e4 d5 2. exd5 Qxd5 3. Nc3 Qd6 4. h3 Nf6 5. Nf3 a6 6. g3 e5 7. Bg2 Nc6 8. 0-0 Bf5 9. Re1 0-0-0 10. d3 Nd7 11. a3 h6 12. b4 Nd4 13. Nxd4 Qxd4 14. Qf3 c6 15. Bb2 Be6 16. Na4 Qd6 17. c4 f6 18. Rac1 Qc7 19. d4 Nb6 20. Nxb6+ Qxb6 21. dxe5 f5 22. c5 Qc7 23. a4 Be7 24. b5 cxb5 25. axb5 Bg5 26. Ra1 axb5 27. Ra7 Qc6 28. Rea1 Bd5 29. Qxf5+ Kc7 30. e6 Qxc5 31. Qe5+ Kc6 32. R1a6+ bxa6 33. Qc7# 1-0

[Event "Main Vogelsberg op 1st"]
[Site "Hanau"]
[Date "2006.05.01"]
[Round "6.4"]
[White "Stoffel, Matthias"]
[Black "Bravo Lutz, Sebastian"]
[Result "0-1"]
[WhiteElo "2104"]
[BlackElo "2187"]
[PlyCount "76"]
[EventDate "2006.04.28"]
[EventType "swiss"]
[EventRounds "7"]
[EventCountry "GER"]
[SourceTitle "EXT 2022"]
[Source "ChessBase"]
[SourceDate "2021.10.06"]
[SourceVersion "1"]
[SourceVersionDate "2021.10.06"]
[SourceQuality "1"]

1. Nf3 Nf6 2. d4 g6 3. c4 Bg7 4. Nc3 0-0 5. e4 d6 6. h3 c6 7. Bf4 Qa5 8. Qd2 e5 9. b4 Qxb4 10. dxe5 Nfd7 11. Be2 dxe5 12. Be3 Na6 13. 0-0 Qe7 14. Na4 Re8 15. Rac1 Nac5 16. Nxc5 Nxc5 17. Qc2 h6 18. Nd2 b6 19. Bxc5 Qxc5 20. Nb3 Qe7 21. c5 b5 22. Rfd1 Qc7 23. Qd2 Bf8 24. Qa5 Qb8 25. a4 Be6 26. Nd2 a6 27. Bg4 Bxg4 28. hxg4 Qc8 29. f3 Qe6 30. Nf1 Be7 31. Rd3 Red8 32. Rxd8+ Bxd8 33. Qc3 Be7 34. Ne3 Rd8 35. axb5 axb5 36. Nc2 Bg5 37. Ne3 Qa2 38. Nd5 cxd5 0-1

[Event "Main Vogelsberg op 1st"]
[Site "Hanau"]
[Date "2006.04.29"]
[Round "3.12"]
[White "Bravo Lutz, Sebastian"]
[Black "Seifert, Christopher"]
[Result "1-0"]
[WhiteElo "2187"]
[BlackElo "1937"]
[PlyCount "81"]
[EventDate "2006.04.28"]
[EventType "swiss"]
[EventRounds "7"]
[EventCountry "GER"]
[SourceTitle "EXT 2022"]
[Source "ChessBase"]
[SourceDate "2021.10.06"]
[SourceVersion "1"]
[SourceVersionDate "2021.10.06"]
[SourceQuality "1"]

1. e4 c5 2. Nf3 e6 3. d3 Nc6 4. g3 d6 5. Bg2 g6 6. 0-0 Bg7 7. c3 Nge7 8. d4 0-0 9. dxc5 dxc5 10. Qe2 Qc7 11. a4 b6 12. Na3 a6 13. Bf4 e5 14. Be3 Be6 15. Nd2 Na5 16. f4 f6 17. Qf2 Nb3 18. Nxb3 Bxb3 19. a5 Rac8 20. axb6 Qxb6 21. Nb1 Qb5 22. Nd2 Be6 23. Rfb1 c4 24. Bf1 Qc6 25. b3 f5 26. bxc4 exf4 27. gxf4 Bxc3 28. Rb6 Bxa1 29. Rxc6 Nxc6 30. Nb3 Bg7 31. Nc5 Bf7 32. e5 Rfe8 33. h4 Bxe5 34. fxe5 Nxe5 35. Bg5 Nxc4 36. Nd7 Re6 37. Qd4 Rd6 38. Nf6+ Kf8 39. Qa7 Kg7 40. Bxc4 Rxc4 41. Ne8+ 1-0

[Event "Oberliga Ost-B 0506"]
[Site "Germany"]
[Date "2006.01.15"]
[Round "5.4"]
[White "Bravo Lutz, Sebastian"]
[Black "Wanzek, Daniel"]
[Result "1/2-1/2"]
[WhiteElo "2187"]
[BlackElo "2135"]
[PlyCount "147"]
[EventDate "2005.11.13"]
[EventType "team-tourn"]
[EventRounds "11"]
[EventCountry "GER"]
[SourceTitle "EXT 2007"]
[Source "ChessBase"]
[SourceDate "2006.11.23"]
[SourceVersion "1"]
[SourceVersionDate "2006.11.23"]
[SourceQuality "1"]
[WhiteTeam "Hungen Lich"]
[BlackTeam "Soemmerda"]
[WhiteTeamCountry "GER"]
[BlackTeamCountry "GER"]

1. e4 d5 2. exd5 Qxd5 3. Nc3 Qa5 4. d4 Nf6 5. Bd2 Bg4 6. Nf3 Qf5 7. Bd3 Qd7 8. h3 Bh5 9. g4 Bg6 10. Bb5 c6 11. Bc4 Qd6 12. Ne5 Qxd4 13. Qe2 Nbd7 14. Nxd7 Nxd7 15. f4 h6 16. 0-0-0 0-0-0 17. Be3 Qf6 18. f5 Bh7 19. Bd4 Qg5+ 20. Be3 Qf6 21. Bd4 Qg5+ 22. Kb1 e5 23. fxe6 fxe6 24. Bxa7 Bc5 25. Bxc5 Nxc5 26. Bxe6+ Nxe6 27. Qxe6+ Kb8 28. h4 Qg6 29. Qxg6 Bxg6 30. Rhe1 Rxd1+ 31. Nxd1 Rf8 32. Kc1 Rf4 33. Re7 Rxg4 34. Rxg7 Bh5 35. Rxg4 Bxg4 36. Ne3 Be6 37. a3 Kc7 38. Ng2 Kd6 39. Kd2 Ke5 40. Ke3 Kf5 41. Nf4 Bf7 42. Kf3 Bc4 43. b3 Bf7 44. a4 Ke5 45. Ke3 Kf5 46. Kf3 Ke5 47. Ke3 Kf5 48. a5 Ke5 49. Nd3+ Kd6 50. Kd4 Bg6 51. c4 Kc7 52. b4 Bh5 53. Nf4 Bf7 54. Kc5 Bg8 55. Ng6 Bf7 56. Ne5 Be8 57. Ng4 h5 58. Nf6 Bf7 59. Ne4 Be6 60. Kd4 b6 61. axb6+ Kxb6 62. Nc5 Bg4 63. Na4+ Kc7 64. Kc5 Be2 65. Nc3 Bd3 66. Nd1 Be2 67. Ne3 Bd3 68. Ng2 Be2 69. Nf4 Bd1 70. Ng6 Be2 71. Ne5 Bf1 72. Nxc6 Bxc4 73. Kxc4 Kxc6 74. b5+ 1/2-1/2

[Event "Warsaw AIG Life rapid 3rd-4th"]
[Site "Warsaw"]
[Date "2005.05.12"]
[Round "9"]
[White "Espig, Thomas"]
[Black "Bravo Lutz, Sebastian"]
[Result "1/2-1/2"]
[WhiteElo "1537"]
[BlackElo "1630"]
[PlyCount "149"]
[EventDate "2005.12.17"]
[EventType "match (rapid)"]
[EventRounds "2"]
[EventCountry "POL"]
[SourceTitle "EXT 2007"]
[Source "ChessBase"]
[SourceDate "2006.11.23"]
[SourceVersion "1"]
[SourceVersionDate "2006.11.23"]
[SourceQuality "1"]

1. d4 Nf6 2. Nf3 g6 3. e3 Bg7 4. Bd3 d5 5. Ne5 Nbd7 6. Nc3 0-0 7. Bd2 c6 8. f4 Ne8 9. Nxd7 Bxd7 10. Qf3 Nd6 11. g4 f5 12. g5 e6 13. Ne2 Qb6 14. b4 Ne4 15. Bxe4 dxe4 16. Qf1 Qb5 17. Kf2 Qa4 18. Qb1 b6 19. Qb3 Qa6 20. Rab1 Qc8 21. Bc3 Be8 22. Qb2 Rf7 23. Rhd1 Rc7 24. Rbc1 Rb8 25. Qa1 Bf8 26. a3 Rbb7 27. Bb2 a5 28. bxa5 bxa5 29. Bc3 a4 30. Rb1 Bf7 31. Bb4 c5 32. dxc5 Bxc5 33. c3 Ba7 34. Bd6 Rd7 35. Be5 Rd5 36. Rxb7 Qxb7 37. Rb1 Qd7 38. Nd4 Bc5 39. Rb8+ Be8 40. Qb2 Bd6 41. Rb7 Qc8 42. Rg7+ Kf8 43. Rxh7 Bxe5 44. fxe5 Kg8 45. Rb7 Rxe5 46. Qb4 Qc5 47. Qxc5 Rxc5 48. Rg7+ Kh8 49. Re7 Bb5 50. Nxb5 Rxb5 51. Ra7 Rb2+ 52. Kf1 Rc2 53. Rxa4 Rxc3 54. Kf2 Rc2+ 55. Kf1 Rxh2 56. Ra6 Rh5 57. Rxe6 Rxg5 58. a4 Rg3 59. Kf2 Rf3+ 60. Ke2 Kg7 61. a5 Rh3 62. Kf2 g5 63. a6 Rh2+ 64. Kg3 Ra2 65. Rc6 Ra3 66. Kf2 Kf7 67. Rh6 Kg7 68. Re6 Ra4 69. Kg3 Ra3 70. Kf2 Kf7 71. Rh6 f4 72. exf4 gxf4 73. Rh4 e3+ 74. Kf3 e2+ 75. Kxe2 1/2-1/2

[Event "Warsaw AIG Life rapid 3rd-4th"]
[Site "Warsaw"]
[Date "2005.04.21"]
[Round "7"]
[White "Gokhale, Anupama"]
[Black "Bravo Lutz, Sebastian"]
[Result "0-1"]
[WhiteElo "607"]
[BlackElo "1630"]
[PlyCount "34"]
[EventDate "2005.12.17"]
[EventType "match (rapid)"]
[EventRounds "2"]
[EventCountry "POL"]
[SourceTitle "EXT 2007"]
[Source "ChessBase"]
[SourceDate "2006.11.23"]
[SourceVersion "1"]
[SourceVersionDate "2006.11.23"]
[SourceQuality "1"]

1. e4 e6 2. d4 d5 3. exd5 exd5 4. Nf3 Bd6 5. Nc3 c6 6. Bd3 Bg4 7. Be2 Ne7 8. Ne5 Bxe2 9. Qxe2 0-0 10. 0-0 Qc7 11. Ng4 Ng6 12. Qf3 f5 13. Ne3 Bxh2+ 14. Kh1 Bd6 15. Ne2 Nd7 16. Qh3 Rae8 17. Bd2 f4 0-1

[Event "Warsaw AIG Life rapid 3rd-4th"]
[Site "Warsaw"]
[Date "2005.04.14"]
[Round "6"]
[White "Bravo Lutz, Sebastian"]
[Black "Mamedov, Nidjat"]
[Result "1-0"]
[WhiteElo "1630"]
[BlackElo "1574"]
[PlyCount "67"]
[EventDate "2005.12.17"]
[EventType "match (rapid)"]
[EventRounds "2"]
[EventCountry "POL"]
[SourceTitle "EXT 2007"]
[Source "ChessBase"]
[SourceDate "2006.11.23"]
[SourceVersion "1"]
[SourceVersionDate "2006.11.23"]
[SourceQuality "1"]

1. e4 e5 2. Nf3 f5 3. Bc4 d6 4. d3 Nc6 5. Ng5 Nh6 6. Nc3 f4 7. Ne6 Bxe6 8. Bxe6 Nd4 9. Bh3 Be7 10. Nd5 Nf7 11. c3 Nc6 12. g3 fxg3 13. hxg3 Bg5 14. Bxg5 Nxg5 15. Qh5+ g6 16. Qg4 Nxh3 17. Rxh3 Kf7 18. 0-0-0 Ne7 19. Ne3 Ng8 20. Rdh1 h5 21. Qe2 Kg7 22. f4 Nf6 23. Ng2 Qd7 24. Ne3 Rad8 25. c4 Qa4 26. Kb1 Qd7 27. f5 g5 28. Nd5 Qf7 29. Nxf6 Kxf6 30. Rxh5 Rxh5 31. Rxh5 Rg8 32. Qg4 Rg7 33. Rh6+ Ke7 34. f6+ 1-0